Rosa F.C. Internazionale 2009/2010 - Statistics

Statistiche generali
  • Questo quiz è stato fatto 435 volte
  • Il punteggio medio è 17 su 24
Statistiche sulle risposte
Ruolo Risposta % Corretto
A Diego Milito
99%
P Julio César
98%
A Samuel Eto'o
94%
D Javier Zanetti
93%
C Wesley Sneijder
88%
C Esteban Cambiasso
86%
D Walter Samuel
84%
C Dejan Stanković
81%
A Goran Pandev
81%
D Marco Materazzi
81%
A Mario Balotelli
81%
D Cristian Chivu
80%
D Lúcio
80%
D Maicon
80%
P Francesco Toldo
75%
A Marko Arnautović
67%
C Thiago Motta
67%
D Iván Córdoba
62%
C Sulley Muntari
55%
P Paolo Orlandoni
46%
D Davide Santon
45%
C McDonald Mariga
44%
C Ricardo Quaresma
37%
C Rene Krhin
17%
Nessun quiz corrispondente trovato
Distribuzione punteggi
Percentuale di utenti per punteggio
Percentile per numero di risposta
I tuoi punteggi nel tempo
Non hai fatto questo quiz